Fertilización de liberación controlada en tomate de cáscara (Physalis ixocarpa Brot. ex Horm.) / (Record no. 218704)
[ view plain ]
| 000 -CABECERA | |
|---|---|
| campo de control de longitud fija | 03152nam a2200301 a 4500 |
| 003 - IDENTIFICADOR DEL NÚMERO DE CONTROL | |
| campo de control | OSt |
| 005 - FECHA Y HORA DE LA ÚLTIMA TRANSACCIÓN | |
| campo de control | 20251103142055.0 |
| 007 - CAMPO FIJO DE DESCRIPCIÓN FÍSICA--INFORMACIÓN GENERAL | |
| campo de control de longitud fija | cr ||||||a|c|a |
| 008 - DATOS DE LONGITUD FIJA--INFORMACIÓN GENERAL | |
| campo de control de longitud fija | 230508s2022 m a|||fom||| 001 0 s d |
| 040 ## - FUENTE DE LA CATALOGACIÓN | |
| Normas de descripción | rda |
| 100 1# - ENTRADA PRINCIPAL--NOMBRE DE PERSONA | |
| 9 (RLIN) | 135902 |
| Nombre de persona | Rivera Cabello, Carolina |
| 245 10 - MENCIÓN DE TÍTULO | |
| Título | Fertilización de liberación controlada en tomate de cáscara (Physalis ixocarpa Brot. ex Horm.) / |
| Mención de responsabilidad, etc. | por Carolina Rivera Cabello; director de tesis Aureliano Peña Lomelí |
| 264 #1 - PRODUCCIÓN, PUBLICACIÓN, DISTRIBUCIÓN, FABRICACIÓN Y COPYRIGHT | |
| Producción, publicación, distribución, fabricación y copyright | Chapingo, México : |
| Nombre del de productor, editor, distribuidor, fabricante | El autor, |
| Fecha de producción, publicación, distribución, fabricación o copyright | 2022. |
| 300 ## - DESCRIPCIÓN FÍSICA | |
| Extensión | 1 recurso en línea (91 páginas): |
| Otras características físicas | Cuadros y figuras |
| 336 ## - TIPO DE CONTENIDO | |
| Fuente | rdacontent |
| Término de tipo de contenido | texto |
| Código de tipo de contenido | txt |
| 337 ## - TIPO DE MEDIO | |
| Fuente | rdamedia |
| Nombre/término del tipo de medio | computadora |
| Código del tipo de medio | c |
| 338 ## - TIPO DE SOPORTE | |
| Fuente | rdacarrier |
| Nombre/término del tipo de soporte | recurso en línea |
| Código del tipo de soporte | cr |
| 502 ## - NOTA DE TESIS | |
| Tipo de título | Maestría en Ciencias en Horticultura |
| Nombre de la institución que otorga el título | Departamento de Enseñanza, Investigación y Servicio en Fitotecnia, |
| Año de obtención del título | 2022 |
| Información miscelánea | Maestría |
| 504 ## - NOTA DE BIBLIOGRAFÍA, ETC. | |
| Nota de bibliografía, etc. | Incluye referencias bibliográficas: páginas 18-25, 50-52, 76-78. |
| 520 ## - SUMARIO, ETC. | |
| Sumario, etc. | Debido al uso excesivo de fertilizantes, la aplicación de fertilizantes de liberación controlada (FLC) es una tecnología que permite mejorar la eficiencia de su uso y aminorar los daños ambientales. El objetivo de este trabajo fue evaluar el efecto de dosis de FLC en el crecimiento y desarrollo de plantas y producción de tomate de cáscara, en comparación con fertilización convencional en hidroponía. El experimento se llevó a cabo en invernadero y a campo abierto en un diseño de bloques completos al azar con cuatro repeticiones. En el ciclo otoño-invierno 2020 en invernadero, se evaluaron seis tratamientos, cuatro de diferentes dosis de FLC y dos con soluciones nutritivas hidropónicas. La fertilización con la solución nutritiva propuesta (SNP) y la solución Steiner al 100 % generaron plantas de mayor altura, con más hojas y mayor número de brotes basales. La solución Steiner y 50 % de FLC presentaron los mejores rendimientos. El tratamiento que se aproximó más a los resultados obtenidos con alguna solución nutritiva fue la dosis de 100 % FLC. Los mejores rendimientos, crecimiento y desarrollo de plantas se obtuvieron con las soluciones hidropónicas aplicadas. En el ciclo primavera- verano 2021 a campo abierto se evaluaron diferentes dosis de FLC solos o acompañados de fertilización complementaria (FC), en comparación con fertilizantes convencionales hidropónicos. Los tratamientos con FLC solos o acompañados con FC generaron resultados similares a los de la SNP en altura de planta, número de hojas, botones florales, flores y bolsas. El rendimiento total, fue semejante entre los tratamientos con FLC y la SNP. La solución Steiner tuvo el menor efecto en las variables evaluadas. Es posible obtener resultados similares con relación a crecimiento y desarrollo de plantas y producción de frutos con FLC, en comparación con soluciones nutritivas. |
| 650 #4 - PUNTO DE ACCESO ADICIONAL DE MATERIA--TÉRMINO DE MATERIA | |
| 9 (RLIN) | 267 |
| Término de materia o nombre geográfico como elemento de entrada | Abonos |
| Subdivisión general | Efecto en tomate |
| 650 #4 - PUNTO DE ACCESO ADICIONAL DE MATERIA--TÉRMINO DE MATERIA | |
| 9 (RLIN) | 40556 |
| Término de materia o nombre geográfico como elemento de entrada | Fertilizantes |
| Subdivisión general | Efecto en tomate |
| 650 #4 - PUNTO DE ACCESO ADICIONAL DE MATERIA--TÉRMINO DE MATERIA | |
| 9 (RLIN) | 40450 |
| Término de materia o nombre geográfico como elemento de entrada | Fertilizantes |
| Subdivisión general | Aplicación |
| 650 #4 - PUNTO DE ACCESO ADICIONAL DE MATERIA--TÉRMINO DE MATERIA | |
| 9 (RLIN) | 113761 |
| Término de materia o nombre geográfico como elemento de entrada | Tomate |
| Subdivisión general | Rendimiento |
| 700 1# - PUNTO DE ACCESO ADICIONAL--NOMBRE DE PERSONA | |
| 9 (RLIN) | 86804 |
| Nombre de persona | Peña Lomelí, Aureliano |
| Término indicativo de función/relación | director. |
| 856 ## - LOCALIZACIÓN Y ACCESO ELECTRÓNICOS | |
| Identificador Uniforme del Recurso | http://10.13.5.2/tesis/tm/1913290-8__RIVERA_CABELLO_CAROLINA.pdf |
| Nota pública | DESCARGAR PDF |
| 942 ## - ELEMENTOS DE PUNTO DE ACCESO ADICIONAL (KOHA) | |
| Fuente del sistema de clasificación o colocación | Clasificación Universidad Autónoma Chapingo |
| Tipo de ítem Koha | Tesis digital |
| Estado de retiro | Estado de pérdida | Fuente del sistema de clasificación o colocación | Estado dañado | Restricciones de uso | No para préstamo | Código de colección | Localización permanente | Ubicación/localización actual | Ubicación en estantería | Fecha de adquisición | Total de préstamos | Signatura topográfica completa | Fecha visto por última vez | Precio válido a partir de | Tipo de ítem Koha |
|---|---|---|---|---|---|---|---|---|---|---|---|---|---|---|---|
| Clasificación Universidad Autónoma de Chapingo | Préstamo interno | Tesis digitales de Maestría | Biblioteca Digital | Biblioteca Digital | En línea | 08/05/2023 | Tesis digital | 08/05/2023 | 08/05/2023 | Tesis digital |
